Central Library OPAC University of Rajshahi

Civilization and society / (Record no. 63292)

MARC details
000 -LEADER
fixed length control field 00699nam a2200229 a 4500
001 - CONTROL NUMBER
control field 63292
003 - CONTROL NUMBER IDENTIFIER
rucl marc code BD-RjUL
005 - DATE AND TIME OF LATEST TRANSACTION
control field 20211209081158.0
008 - FIXED-LENGTH DATA ELEMENTS--GENERAL INFORMATION
fixed length control field 170129s1994 bg ||||| |||| 00| 0 eng d
035 ## - SYSTEM CONTROL NUMBER
System control number (BD-RjUL)63421
040 ## - CATALOGING SOURCE
Original cataloging agency BD-RjUL
Language of cataloging eng
Transcribing agency BD-RjUL
041 ## - LANGUAGE CODE
Language code of text/sound track or separate title eng
082 ## - DEWEY DECIMAL CLASSIFICATION NUMBER
Classification number 909.09821
Author mark and year HUC 1994
100 ## - MAIN ENTRY--PERSONAL NAME
Personal name Husain, Syed Sajjad
9 (RLIN) 188347
245 10 - TITLE STATEMENT
Title Civilization and society /
Statement of responsibility, etc. Syed Sajjad Husain
260 ## - PUBLICATION, DISTRIBUTION, ETC. (IMPRINT)
Place of publication, distribution, etc. Dhaka, Bangladesh :
Name of publisher, distributor, etc. Bangladesh Institute of Islamic Thought,
Date of publication, distribution, etc. 1994
300 ## - PHYSICAL DESCRIPTION
Pagination ii, 313 p. ;
Size 23 cm
650 ## - SUBJECT ADDED ENTRY--TOPICAL TERM
Topical term or geographic name as entry element Civilization.
9 (RLIN) 170722
Chronological subdivision 20th century
Topical term or geographic name as entry element Civilization, Western.
9 (RLIN) 187951
Topical term or geographic name as entry element Islamic civilization.
9 (RLIN) 176041
942 ## - ADDED ENTRY ELEMENTS (KOHA)
Source of classification or shelving scheme Dewey Decimal Classification
Koha item type Books
Holdings
Lost status Source of classification or shelving scheme Damaged status Not for loan Collection code Permanent Location Current Location Shelving location Date acquired Total Checkouts Full call number Date last seen Copy number Koha item type
  Dewey Decimal Classification   Not For Loan Non-fiction Central Library, University of Rajshahi Central Library, University of Rajshahi Reading Room 29/09/1996   909.09821 HUC 1994 29/01/2017 C-1 Books